00390nam a2200181Ia 4500008004000000041000800040082001300048100001100061245004100072260003000113650001200143650001100155650000800166650001100174650000800185650000600193650000900199210210b1949 xxu||||| |||| 00| 0 eng d aeng a825/1003 aMAGNUS aEssays and studies new series 2 1949 aLondonbJohn Murrayc1949 astudies aseries anew aEssays aand a2 a1949